Music Quiz

Random Music or Lyrics Quiz

80's Music Without Lyrics 3 Quiz Stats

 Plays Quiz not verified by Sporcle

Challenge
Share
Tweet
Score 0/45 Timer 12:00
1 Play Today
Time Song % Correct
0:40You Give Love A Bad Name
88.3%
4:00Another One Bites The Dust
87.3%
2:24Smooth Criminal
84.1%
0:24Love Is A Battlefield
76.1%
1:20Pour Some Sugar On Me
73.5%
1:04Hungry Eyes
71.5%
0:16Venus
71.2%
5:20Chariots Of Fire
70%
3:52Kiss
69.7%
2:00Paradise City
64.8%
1:52Relax
63.6%
5:04We're Not Gonna Take It
63.6%
3:20Black Velvet
62.3%
4:56Rock You Like A Hurricane
61.2%
5:52Sharp Dressed Man
61%
0:56Word Up!
59.4%
3:04Abracadabra
57.6%
1:28Just Can't Get Enough
56.5%
5:28Here I Go Again
56.3%
4:16The One I Love
55.1%
0:00Hell's Bells
53.9%
4:40Somebody's Watching Me
51%
3:12Dr. Feelgood
49.5%
Time Song % Correct
2:40La Isla Bonita
47.4%
0:32Rapture
46.4%
5:12Why Can't This Be Love
45.3%
0:08Rag Doll
44.5%
2:32Separate Ways (Worlds Apart)
43.5%
5:44Bust A Move
42.6%
4:32Round And Round
41.1%
3:44Talk Dirty To Me
37.2%
3:28Blue Monday
30.3%
1:12Mother
28.9%
5:36Valerie
23.9%
2:08I Can't Drive 55
23.1%
4:08Cum On Feel The Noize
22.5%
0:48Smalltown Boy
19.8%
3:36Enola Gay
19.6%
4:48YYZ
18.1%
2:48Peace Sells
14.2%
2:56Creeping Death
9.3%
2:16Original Sin
9.1%
1:44Close My Eyes Forever
6.8%
1:36Play With Me
5.4%
4:24Somebody Put Something In My Drink
1.4%

You're not logged in!

Compare scores with friends on all Sporcle quizzes.
Join for Free
OR
Log In

You Might Also Like...

Show Comments

Extras

Curator's Pick Sep 2, 2014ReportNominate
Tags:Clip Quiz, Lyrics Quiz, Music Clip

Top Quizzes Today


Score Distribution

Your Account Isn't Verified!

In order to create a playlist on Sporcle, you need to verify the email address you used during registration. Go to your Sporcle Settings to finish the process.

Report this User

Report this user for behavior that violates our Community Guidelines.

Details: